|
|
|
|
| LEADER |
00000nas a2200000 a 4500 |
| 001 |
ssj0046894 |
| 003 |
WaSeSS |
| 005 |
20200512172242.0 |
| 006 |
m d |
| 007 |
cr n |
| 008 |
080408c199u9999ck fr p s | 0spa c |
| 010 |
|
|
|a 2008262294
|
| 022 |
|
|
|y 0121-5051
|
| 035 |
|
|
|a (WaSeSS)ssj0046894
|
| 040 |
|
|
|a CGU
|b eng
|c CGU
|d CGU
|d LGG
|d OCLCE
|d OCLCQ
|d OCLCF
|d EYM
|d OCLCO
|d OCLCQ
|d VT2
|d WaSeSS
|
| 042 |
|
|
|a pcc
|
| 050 |
1 |
4 |
|a HD28
|b .I449
|
| 245 |
0 |
0 |
|a Innovar
|h [electronic resource] :
|b revista de ciencias administrativas y sociales /
|c Gestión [y] Finanzas, Universidad Nacional de Colombia.
|
| 260 |
|
|
|a [Bogota] :
|b Facultad de Ciencias Económicas, La Universidad
|
| 310 |
|
|
|a Semiannual
|
| 506 |
|
|
|a License restrictions may limit access.
|
| 588 |
|
|
|a Description based on: Año/vol. 15, número 026 (2005); title from first page of PDF (REDALYC Web site, viewed on Apr. 8, 2008).
|
| 588 |
|
|
|a Latest issue consulted: Año/vol. 17, número 030 (2007) (viewed Apr. 8, 2008).
|
| 650 |
|
0 |
|a Management
|v Periodicals.
|
| 650 |
|
0 |
|a Social sciences
|v Periodicals.
|
| 650 |
|
7 |
|a Management.
|2 fast
|0 (OCoLC)fst01007141
|
| 650 |
|
7 |
|a Social sciences.
|2 fast
|0 (OCoLC)fst01122877
|
| 655 |
|
0 |
|a Electronic journals.
|
| 710 |
2 |
|
|a Universidad Nacional de Colombia.
|b Gestión.
|
| 710 |
2 |
|
|a Universidad Nacional de Colombia.
|b Finanzas.
|
| 776 |
0 |
8 |
|i Print version:
|t Innovar
|x 0121-5051
|w (DLC) 95645782
|w (OCoLC)31882359
|
| 856 |
4 |
0 |
|z Full text available from Research Library: 01/01/2009 to present
|u https://search.proquest.com/publication/2035726
|